| 000 | 00793nam a2200229 u 4500 | ||
|---|---|---|---|
| 005 | 20240911064820.0 | ||
| 008 | 181003s2017 mx r 000 0 spa d | ||
| 020 | _a9786078410859 (UNICACH) | ||
| 020 | _a9786079764234 (ITACA) | ||
| 035 | _aUPN01000227025 | ||
| 049 | _aCG | ||
| 050 | 4 |
_aF1219.1 CH2 _bO7.4 |
|
| 100 | 1 |
_aOrozco López, Efrén _942208 |
|
| 245 | 1 | 0 |
_aLucha, resistencia y educación : _buna experiencia organizativa del pueblo Tsotsil en el sureste mexicano / _cEfrén Orozco López. |
| 260 |
_aMéxico : _bUniversidad de Ciencias y Artes de Chiapas, _bItaca, _cc2017. |
||
| 300 |
_a190 p. : _bil. |
||
| 650 | 4 |
_aIndígenas de México _zChiapas _98413 |
|
| 650 | 4 |
_aTZOTZILES - _xEDUCACION _927062 |
|
| 650 | 2 |
_aConflicto social _96949 |
|
| 905 | _aLibro | ||
| 999 |
_c199121 _d199121 |
||